000 00921cam a2200277 a 4500
001 614
005 20250303095657.0
020 _a0525471375
040 _aDLC
_cDLC
_dDLC
050 0 0 _aPZ7.R1817
_bWe 2003
082 0 0 _a[Fic]
_222
100 1 _aRaskin, Ellen.
245 1 4 _aThe Westing game /
_cEllen Raskin.
260 _aNew York :
_bScholastic.
_c1978.
300 _a216 pages :
_c22 cm.
505 _aS
520 _aThe mysterious death of an eccentric millionaire brings together an unlikely assortment of heirs who must uncover the circumstances of his death before they can claim their inheritance.
521 _a750
_bLexile
521 _aS
_bRaz-Plus
650 1 _aInheritance and succession
_vFiction.
650 1 _aApartment houses
_vFiction.
650 1 _aMystery and detective stories.
650 1 _aHumorous stories.
906 _a7
_bcbc
_corigcop
_d2
_encip
_f20
_gy-gencatlg
942 _2ddc
_cBK
_n0
999 _c614
_d614